<?xml version="1.0" encoding="UTF-8"?>
<marc:record xmlns:marc="http://www.loc.gov/MARC21/slim">
   <marc:leader>00000nam a2200000 a 4500</marc:leader>
   <marc:datafield ind1="0" ind2="0" tag="245">
      <marc:subfield code="a">Der Löwe in dir [Tonie]</marc:subfield>
   </marc:datafield>
   <marc:datafield ind1="0" ind2="0" tag="245">
      <marc:subfield code="b">Tonie. Drei Bilderbuchgeschichten in einem Hörbuch ab 3 Jahren</marc:subfield>
   </marc:datafield>
   <marc:datafield ind1=" " ind2="1" tag="264">
      <marc:subfield code="a">Bamberg</marc:subfield>
      <marc:subfield code="b">Magellan</marc:subfield>
      <marc:subfield code="c">2022</marc:subfield>
   </marc:datafield>
   <marc:datafield ind1="1" ind2=" " tag="520">
      <marc:subfield code="a">Immer wird die kleine Maus übersehen. Das reicht jetzt! Vom Löwen will sie nun das Brüllen lernen, um sich bemerkbar zu machen. Dann hat das Ganze ein Ende, oder?&lt;br/&gt; &lt;br/&gt;Den letzten Tannenzapfen des Jahres  den wollen die beiden Eichhörnchen Lenni und Finn jeder für sich haben. Es entfacht ein wahnwitziger Wettstreit um das gute Stück  aber hat man nicht eigentlich mehr gewonnen, wenn man mit einem Freund teilt? &lt;br/&gt;&lt;br/&gt;Und der kleine Wolfsjunge Wido? Der will keine Hilfe von niemandem. Schließlich ist er schon groß! Doch wenn man sich in der klirrenden Kälte der Arktis verläuft, ist es doch nicht schlecht, auf hilfsbereite Pfoten zu stoßen, oder?&lt;br/&gt;&lt;br/&gt;&lt;br/&gt;Drei Geschichten über Freundschaft, Mut und darüber, was uns bereichert, wenn wir nicht nur nehmen, sondern auch geben und teilen. (Verlagstext) &lt;br/&gt;&lt;br/&gt;Enthält auch: Das Streithörnchen und Kleiner Wolf in weiter Welt</marc:subfield>
   </marc:datafield>
   <marc:datafield ind1="3" ind2=" " tag="024">
      <marc:subfield code="a">4251192121585</marc:subfield>
   </marc:datafield>
   <marc:datafield ind1=" " ind2=" " tag="041">
      <marc:subfield code="a">ger</marc:subfield>
   </marc:datafield>
   <marc:datafield ind1=" " ind2=" " tag="338">
      <marc:subfield code="a">Sonstige</marc:subfield>
   </marc:datafield>
   <marc:datafield ind1=" " ind2=" " tag="300">
      <marc:subfield code="a">32 min</marc:subfield>
   </marc:datafield>
</marc:record>
